| 000 | 00426cam a2200181ua 4500 | ||
|---|---|---|---|
| 001 | 2320 | ||
| 008 | 110806n ii |||gr||||Z||||||eng | ||
| 040 | _cMAIN | ||
| 082 | _a370 | ||
| 100 | _aDev, Ranjit, | ||
| 245 | 1 |
_aText book of education _cby Ranjit Dev |
|
| 250 | _a1st. | ||
| 260 |
_aCalcutta: _bM. Banerjee,973. |
||
| 300 |
_aii; 86p: _c23cm. |
||
| 653 | _aEducation | ||
| 653 | _aText book of education | ||
| 942 | _cBK | ||
| 999 |
_c2179 _d2179 |
||